01330cam a2200253 a 4500001000800000005001700008008004100025020001500066020001800081082002000099100002500119245015600144260005900300300002900359504005400388650008600442653002100528650009300549942001200642999001700654952014500671952013000816952013000946253045420160809160106.0930506s1993 enka b 000 0 eng  a1853391034 a978185339103300a621.31222bHAR1 aHarvey, Adam.93117810aMicro-Hydro Design Manual :ba Guide to Small-Scale Water Power Schemes /cby Adam Harvey ; with Andy Brown, Priyantha Hettiarachi, and Allen Inversin. aLondon :bIntermediate Technology Publications,c1993. a374 p. :bill. ;c30 cm. aIncludes bibliographical references (p. 361-364). 0aHydroelectric power plantszDeveloping countriesxDesign and construction.931179 bElecOctober2012 0931180aSmall power production facilitieszDeveloping countriesxDesign and construction. 2ddccBB c17075d17047 00102ddc40708BaccahaMAINbMAINc1STd2012-10-17epurchaseg450.00h12l1m1o621.31 HARp000027703r2025-07-15 00:00:00s2012-12-18yBB 00102ddc40708BaccahaMAINbMAINc1STd2012-10-17epurchaseg450.00h12l0o621.31 HARp000027704r2025-07-15 00:00:00yBB 00102ddc40708BaccahaMAINbMAINc1STd2012-10-17epurchaseg450.00h12l0o621.31 HARp000027705r2025-07-15 00:00:00yBB